<?xml version="1.0" encoding="UTF-8"?>
<record
    xmlns:xsi="http://www.w3.org/2001/XMLSchema-instance"
    xsi:schemaLocation="http://www.loc.gov/MARC21/slim http://www.loc.gov/standards/marcxml/schema/MARC21slim.xsd"
    xmlns="http://www.loc.gov/MARC21/slim">

  <leader>00883nam a22001937a 4500</leader>
  <datafield tag="999" ind1=" " ind2=" ">
    <subfield code="c">187034</subfield>
    <subfield code="d">187034</subfield>
  </datafield>
  <controlfield tag="005">20220328131113.0</controlfield>
  <datafield tag="010" ind1=" " ind2=" ">
    <subfield code="a">UR-11497</subfield>
  </datafield>
  <datafield tag="020" ind1=" " ind2=" ">
    <subfield code="c">400.00</subfield>
    <subfield code="a">-</subfield>
  </datafield>
  <datafield tag="035" ind1=" " ind2=" ">
    <subfield code="a">U-10052</subfield>
  </datafield>
  <datafield tag="037" ind1=" " ind2=" ">
    <subfield code="b">DBAD/PUB</subfield>
    <subfield code="a">-</subfield>
  </datafield>
  <datafield tag="082" ind1=" " ind2=" ">
    <subfield code="a">270.920</subfield>
    <subfield code="2">Ist</subfield>
  </datafield>
  <datafield tag="100" ind1=" " ind2=" ">
    <subfield code="a">&#x645;&#x631; &#x62A;&#x628;&#x6C1; :&#x639;&#x645;&#x64A;&#x62F; &#x627; &#x644;&#x632; &#x645;&#x627; &#x6BA; &#x642;&#x627; &#x633;&#x645;&#x6CC; &#x6A9;&#x64A;&#x631; &#x627; &#x646;&#x648; &#x6CC; </subfield>
  </datafield>
  <datafield tag="245" ind1=" " ind2=" ">
    <subfield code="a">&#x627; &#x645;&#x64A;&#x631; &#x634;&#x631; &#x64A;&#x639;&#x62A; &#x62D;&#x636;&#x631; &#x62A; &#x645;&#x648; &#x644;&#x627; &#x646;&#x627; &#x645;&#x646;&#x62A; &#x627;&#x644;&#x644;&#x6C1; &#x631; &#x62D;&#x645;&#x627; &#x646;&#x6CC; &#x62D;&#x64A;&#x627; &#x62A; &#x648; &#x62E;&#x62F; &#x645;&#x627; &#x62A;</subfield>
    <subfield code="c"> &#x645;&#x631; &#x62A;&#x628;&#x6C1; :&#x639;&#x645;&#x64A;&#x62F; &#x627; &#x644;&#x632; &#x645;&#x627; &#x6BA; &#x642;&#x627; &#x633;&#x645;&#x6CC; &#x6A9;&#x64A;&#x631; &#x627; &#x646;&#x648; &#x6CC; </subfield>
  </datafield>
  <datafield tag="246" ind1=" " ind2=" ">
    <subfield code="b">Ameer Shariyat Hazrat Molana Minat Ullah Rehmani Hayat-o-khidmaat(Urdu)</subfield>
    <subfield code="a">by Umeed Uzzama Qasmi Kiranvi</subfield>
  </datafield>
  <datafield tag="260" ind1=" " ind2=" ">
    <subfield code="a">New Delhi </subfield>
    <subfield code="b">Tanzeem Abnaye Qadeem Darul Ulloom Deoband</subfield>
    <subfield code="c">2018 &#x621;  </subfield>
  </datafield>
  <datafield tag="270" ind1=" " ind2=" ">
    <subfield code="a">161/19,Sir Syeed Aveniw ,Joga Bai Jamia Nagar</subfield>
    <subfield code="b">New Delhi </subfield>
    <subfield code="e">110025</subfield>
    <subfield code="k">-</subfield>
    <subfield code="l">-</subfield>
  </datafield>
  <datafield tag="300" ind1=" " ind2=" ">
    <subfield code="a">624 &#x635;</subfield>
    <subfield code="c">22 Cm(Hb)</subfield>
  </datafield>
  <datafield tag="942" ind1=" " ind2=" ">
    <subfield code="2">ddc</subfield>
    <subfield code="c">UR</subfield>
    <subfield code="h">270.920</subfield>
    <subfield code="m">&#x645; &#x646; &#x62A;  </subfield>
  </datafield>
  <datafield tag="952" ind1=" " ind2=" ">
    <subfield code="0">0</subfield>
    <subfield code="1">0</subfield>
    <subfield code="4">0</subfield>
    <subfield code="7">1</subfield>
    <subfield code="8">NFIC</subfield>
    <subfield code="a">DBAD</subfield>
    <subfield code="b">L</subfield>
    <subfield code="d">2022-03-28</subfield>
    <subfield code="e">DBAD/PUB</subfield>
    <subfield code="g">400.00</subfield>
    <subfield code="l">0</subfield>
    <subfield code="o">270.920 &#x645; &#x646; &#x62A;</subfield>
    <subfield code="p">U-10052</subfield>
    <subfield code="r">2022-03-28 00:00:00</subfield>
    <subfield code="t">1</subfield>
    <subfield code="v">400.00</subfield>
    <subfield code="w">2022-03-28</subfield>
    <subfield code="y">UR</subfield>
  </datafield>
</record>
